[Event "elllobregat Open-A 2019"]
[Site "El Prat de Llobregat"]
[Date "2019.12.10"]
[Round "8.1"]
[White "Narayanan.S.L"]
[Black "Raja Harshit"]
[Result "1-0"]
[WhiteElo "2607"]
[BlackElo "2324"]
[Annotator "TA"]
[PlyCount "43"]
[EventDate "2019.12.03"]
[EventType "swiss"]
[EventCountry "ESP"]
[SourceTitle "playchess.com"]
[Source "ChessBase"]
[SourceQuality "1"]

{[%evp 12,43,8,0,15,13,20,6,27,28,29,8,13,0,134,131,141,124,141,134,138,124,136,131,126,134,140,146,147,143,185,197,200,185]} 1. d4 Nf6 2. c4 e6 3. Nf3 d5 4. Nc3 Be7 5. e3 O-O 6. b3 c5 7. Bb2 cxd4 {A13: English Opening: 1...e6} 8. Nxd4 e5 (8... a6 9. a3 dxc4 10. Bxc4 b5 11. Be2 Bb7 12. Bf3 Qb6 13. Bxb7 Qxb7 14. Qf3 Qxf3 15. gxf3 Rc8 16. Ke2 {½-½ (16) Andreikin,D (2719)-Matlakov,M (2700) St Petersburg 2018}) 9. Nf3 $146 ({Predecessor:} 9. Nc2 Bg4 10. Qd2 d4 11. exd4 exd4 12. Qxd4 Qa5 13. Be2 Bxe2 14. Kxe2 Nc6 15. Qf4 {0-1 (22) Tyszkiewicz,Z (2146)-Sygulski,P (2016) Polanica Zdroj 2004}) 9... Be6 {The position is equal.} 10. Nxe5 Qc7 11. Nf3 (11. cxd5 Bb4 $17) 11... dxc4 12. Nd4 Bb4 (12... Rd8 $11 {keeps the balance.}) 13. Nxe6 $16 fxe6 14. Bxc4 Qe5 15. Rc1 $1 $36 {[%mdl 2048] White is really pushing.} (15. Qd4 $6 Qxd4 16. exd4 (16. Bxe6+ $2 Kh8 $17) 16... Ne4 $14) 15... b5 16. Qd4 {[%mdl 64] Overworked Piece} Qxd4 17. Bxe6+ Kh8 18. exd4 Re8 {[#]White is clearly better.} 19. d5 $1 Nxd5 {[#]} 20. O-O $1 ({But not} 20. Kd1 $6 Nxc3+ 21. Bxc3 Na6 $14) 20... Nf4 {[#] And now ...Bxc3 would win.} 21. Bg4 $1 Nd3 22. Bf3 {Accuracy: White = 77%, Black = 62%.} ({Don't take} 22. Nxb5 Nxc1 23. Nc7 (23. Bxc1 Na6 $16) 23... Ne2+ 24. Kh1 Na6) 1-0

[Event "elllobregat Open-A 2019"]
[Site "El Prat de Llobregat"]
[Date "2019.12.10"]
[Round "8.2"]
[White "Erigaisi Arjun"]
[Black "Iniyan, P."]
[Result "1-0"]
[WhiteElo "2604"]
[BlackElo "2392"]
[Annotator "RC"]
[PlyCount "65"]
[EventDate "2019.12.03"]
[EventType "swiss"]
[EventCountry "ESP"]
[SourceTitle "playchess.com"]
[Source "ChessBase"]
[SourceQuality "1"]
[TimeControl "40/5400+30:1800+30"]

1. c4 {[%emt 0:05:52]} c5 {[%emt 0:02:05]} 2. Nc3 {[%emt 0:00:54]} Nc6 {[%emt 0:00:07]} 3. Nf3 {[%emt 0:00:12]} e5 {[%emt 0:00:28]} 4. e3 {[%emt 0:00:08]} d6 {[%emt 0:03:00]} 5. d4 {[%emt 0:00:22]} exd4 {[%emt 0:12:52]} 6. exd4 {[%emt 0:00:07]} Bg4 7. Be2 {[%emt 0:21:04]} Nf6 {[%emt 0:12:08]} 8. Be3 {[%emt 0:02:00]} Be7 {[%emt 0:02:50]} 9. d5 {[%emt 0:01:10]} Bxf3 10. Bxf3 {[%emt 0:01:44]} Ne5 {[%emt 0:02:52]} 11. Be2 {[%emt 0:00:07]} Qd7 {[%emt 0:00:17]} 12. f4 {[%emt 0:10:58]} Ng6 13. g4 {[%emt 0:11:16]} h5 {[%emt 0:09:04]} 14. g5 {[%emt 0:03:52]} Ng4 {[%emt 0:01:36]} 15. Bd2 {[%emt 0:01:06]} Nh4 {[%emt 0:13:05]} 16. Qa4 {[%emt 0:00:06]} Qxa4 {[%emt 0:13:43]} 17. Nxa4 {[%emt 0:00:30]} g6 {[%emt 0:17:02]} 18. h3 Ng2+ {[%emt 0:01:38]} 19. Kf1 {[%emt 0:02:05]} N4e3+ {[%emt 0:00:04]} 20. Kf2 {[%emt 0:00:11]} Nxf4 {[%emt 0:00:08]} 21. Bxe3 {[%emt 0:02:02]} Bxg5 {[%emt 0:00:02]} 22. Kf3 {[%emt 0:00:27]} Nxe2 {[%emt 0:00:15]} 23. Rae1 {[%emt 0:00:18]} Kd7 24. Rxe2 {[%emt 0:00:07]} Bf6 {[%emt 0:01:28]} 25. Nc3 {[%emt 0:00:54]} Rae8 {[%emt 0:03:02]} 26. Ne4 {[%emt 0:01:28]} Bd8 {[%emt 0:00:04]} 27. Bf4 {[%emt 0:00:48]} f5 {[%emt 0:00:03]} 28. Ng5 {[%emt 0:00:08]} Bxg5 {[%emt 0:00:13]} 29. Bxg5 {[%emt 0:00:07]} Rxe2 {[%emt 0:00:06]} 30. Kxe2 {[%emt 0:00:04]} Re8+ {[%emt 0:00:06]} 31. Kf2 {[%emt 0:00:15]} b5 {[%emt 0:00:51]} 32. Re1 {[%emt 0:00:35]} Re5 {[%emt 0:00:37]} 33. Bf4 1-0

[Event "elllobregat Open-A 2019"]
[Site "El Prat de Llobregat"]
[Date "2019.12.10"]
[Round "8.3"]
[White "Bartel, Mateusz"]
[Black "Kjartansson, Gudmundur"]
[Result "1-0"]
[WhiteElo "2525"]
[BlackElo "2324"]
[Annotator "ChessBase"]
[PlyCount "83"]
[EventDate "2019.12.03"]
[EventType "swiss"]
[EventCountry "ESP"]
[SourceTitle "playchess.com"]
[Source "ChessBase"]
[SourceQuality "1"]
[TimeControl "40/5400+30:1800+30"]

1. e4 {[%emt 0:00:00]} e6 {[%emt 0:00:31]} 2. d4 {[%emt 0:00:00]} d5 {[%emt 0:00:06]} 3. Nc3 {[%emt 0:00:00]} Bb4 {[%emt 0:00:22]} 4. e5 {[%emt 0:00:00]} c5 {[%emt 0:00:10]} 5. a3 {[%emt 0:00:01]} Bxc3+ {[%emt 0:00:03]} 6. bxc3 {[%emt 0:00:07]} Qa5 {[%emt 0:00:20]} 7. Bd2 {[%emt 0:00:09]} Qa4 {[%emt 0:00:03]} 8. h4 {[%emt 0:00:09]} Nc6 {[%emt 0:02:15]} 9. h5 {[%emt 0:00:10]} h6 {[%emt 0:00:28]} 10. Nf3 {[%emt 0:00:54]} Nge7 {[%emt 0:04:05]} 11. dxc5 {[%emt 0:05:43]} Qe4+ {[%emt 0:03:02]} 12. Qe2 {[%emt 0:06:09]} Qxc2 {[%emt 0:00:18]} 13. Qb5 {[%emt 0:01:31]} Qe4+ {[%emt 0:04:47]} 14. Be2 {[%emt 0:02:55]} a6 {[%emt 0:12:24]} 15. Qb1 {[%emt 0:01:30]} g5 {[%emt 0:03:58]} 16. hxg6 {[%emt 0:11:21]} Nxg6 {[%emt 0:01:02]} 17. Be3 {[%emt 0:01:17]} Qa4 {[%emt 0:12:26]} 18. Rh5 {[%emt 0:14:50]} Qa5 {[%emt 0:07:16]} 19. Qb3 {[%emt 0:03:26]} d4 {[%emt 0:11:18]} 20. Nxd4 {[%emt 0:01:34]} Nxd4 {[%emt 0:00:24]} 21. Bxd4 {[%emt 0:00:08]} Nf4 {[%emt 0:00:06]} 22. Rh2 {[%emt 0:14:41]} Nxe2 {[%emt 0:00:19]} 23. Kxe2 {[%emt 0:00:05]} Qb5+ {[%emt 0:12:42]} 24. Qxb5+ {[%emt 0:00:48]} axb5 {[%emt 0:00:04]} 25. Be3 {[%emt 0:00:23]} Bd7 {[%emt 0:02:54]} 26. Rxh6 {[%emt 0:14:11]} Rg8 {[%emt 0:09:26]} 27. g4 {[%emt 0:03:37]} Bc6 {[%emt 0:01:52]} 28. f3 {[%emt 0:00:30]} Ra4 {[%emt 0:03:51]} 29. Rh7 {[%emt 0:01:44]} Rc4 {[%emt 0:00:58]} 30. Bd4 {[%emt 0:00:04]} Ke7 {[%emt 0:02:18]} 31. Rd1 {[%emt 0:02:27]} Ra4 {[%emt 0:00:51]} 32. Bf2 {[%emt 0:03:29]} Bd5 {[%emt 0:00:47]} 33. Bh4+ {[%emt 0:08:50]} Ke8 {[%emt 0:00:03]} 34. Rxd5 {[%emt 0:00:05]} exd5 {[%emt 0:00:02]} 35. e6 {[%emt 0:00:06]} Rf8 {[%emt 0:03:46]} 36. e7 {[%emt 0:01:59]} Rg8 {[%emt 0:00:03]} 37. Rh5 {[%emt 0:00:09]} f6 {[%emt 0:01:31]} 38. Bxf6 {[%emt 0:00:10]} Kf7 {[%emt 0:00:23]} 39. Bh4 {[%emt 0:01:10]} Rxa3 {[%emt 0:01:23]} 40. Rf5+ {[%emt 0:00:00]} Ke6 {[%emt 0:00:00]} 41. Rf6+ {[%emt 0:01:50]} Ke5 {[%emt 0:03:18]} 42. Rg6 1-0

[Event "elllobregat Open-A 2019"]
[Site "El Prat de Llobregat"]
[Date "2019.12.10"]
[Round "8.4"]
[White "Karthik Venkataraman"]
[Black "Puranik, Abhimanyu"]
[Result "0-1"]
[WhiteElo "2306"]
[BlackElo "2460"]
[Annotator "TA"]
[PlyCount "104"]
[EventDate "2019.12.03"]
[EventType "swiss"]
[EventCountry "ESP"]
[SourceTitle "playchess.com"]
[Source "ChessBase"]
[SourceQuality "1"]

{[%evp 20,104,33,36,20,20,28,19,37,16,18,-5,0,0,0,0,0,0,0,-17,-10,-10,-11,-16,-16,-16,-16,-16,-16,-14,-17,-14,-14,-17,-16,-22,0,0,0,0,0,0,0,0,0,-107,-97,-114,-114,-114,-116,-217,-208,-227,-227,-227,-191,-185,-192,-222,-221,-218,-213,-227,-133,-196,-188,-369,-360,-635,-631,-879,-868,-29960,-29964,-29973,-29974,-29974,-29975,-29975,-29976,-29958,-29966,-29979,-29977,-29989,-29988]} 1. e4 e5 2. Nf3 Nc6 3. Bb5 a6 4. Ba4 Nf6 5. O-O b5 6. Bb3 Bb7 7. d3 Be7 8. a4 O-O 9. Re1 d6 10. Nbd2 {[%cal Bb1d2,Bd2f1,Bf1g3][%mdl 32]} Qd7 11. c3 Rfe8 {C88: Closed Ruy Lopez: Anti-Marshall Systems} (11... Nd8 12. Nf1 Ne6 13. Ng3 c5 14. d4 exd4 15. cxd4 d5 16. e5 Ne4 17. Nf5 c4 18. Bc2 Bb4 19. Re3 {1-0 (40) Ding,L (2804)-Efimenko,Z (2641) Porto Carras 2018}) 12. Nf1 Nd8 13. Ng3 Ne6 $146 {The position is equal.} ({Predecessor:} 13... c5 14. h3 Ne6 15. Ng5 Nd8 16. Nf3 Ne6 17. Ng5 Nd8 18. Nf3 Ne6 19. Ng5 {½-½ (19) Glørstad,T (2400)-Anokhin,Y (2393) ICCF email 2016}) 14. Bc2 c5 15. h3 Bf8 16. Be3 Qc7 17. axb5 axb5 18. Rxa8 Bxa8 19. d4 exd4 20. cxd4 d5 {[%cal Rf6e4]} 21. e5 cxd4 22. Bxd4 Nxd4 23. Qxd4 Qxc2 24. exf6 Rxe1+ 25. Nxe1 Qc1 26. Kf1 Qc4+ 27. Ne2 Bc6 $36 {[%mdl 2048] Black has some pressure.} 28. Nf3 b4 29. Qe5 g6 {[#] Hoping for ...Bb5.} 30. Kg1 Qe4 31. Ned4 Ba4 32. Qxe4 (32. Qc7 $11 Qb1+ {[%mdl 64] Double Attack} 33. Kh2 Qxb2 34. Ne5) 32... dxe4 $11 {[%mdl 4096] Endgame KBB-KNN} 33. Ne5 Bc5 34. Ndc6 b3 35. Ne7+ (35. g3 $17) 35... Kf8 $19 36. Nd5 Bd4 37. Nc4 Bb5 38. Nde3 Bxf6 39. Nd2 Bxb2 {aiming for ...Ba4.} 40. Nxb3 f5 41. g4 Bd7 (41... f4 $19 42. Ng2 f3) 42. gxf5 (42. Nc4 $17 {is a better defense.} Bf6 43. Nc5) 42... gxf5 43. Ng2 $2 {[#]} (43. f3 {might work better.}) 43... Ke7 44. f4 $2 (44. Ne3) 44... exf3 45. Nh4 Be6 46. Kf2 Bxb3 {Black mates.} 47. Nxf5+ Kf6 48. Nh4 Kg5 49. Nxf3+ Kf4 50. Ne1 Bd4+ 51. Kg2 Bd5+ 52. Kh2 Be4 {Accuracy: White = 45%, Black = 85%.} 0-1

[Event "elllobregat Open-A 2019"]
[Site "El Prat de Llobregat"]
[Date "2019.12.10"]
[Round "8.5"]
[White "Gukesh D"]
[Black "Raja Rithvik R"]
[Result "1/2-1/2"]
[WhiteElo "2360"]
[BlackElo "2215"]
[Annotator "TA"]
[PlyCount "50"]
[EventDate "2019.12.03"]
[EventType "swiss"]
[EventCountry "ESP"]
[SourceTitle "playchess.com"]
[Source "ChessBase"]
[SourceQuality "1"]

{[%evp 9,50,0,0,-1,0,0,0,-8,-10,-14,0,0,0,12,0,0,0,-4,-2,-13,-8,0,-7,0,17,22,31,25,20,33,49,11,29,22,36,-39,-31,-48,-39,-122,-52,-60,-39]} 1. Nf3 d5 2. e3 Nf6 3. c4 e6 4. Nc3 b6 ({Predecessor:} 4... Bd6 5. b3 O-O 6. Bb2 b6 7. Rc1 a6 8. cxd5 exd5 9. g3 Bb7 10. d4 {1-0 (41) Keymer,V (2508)-Solozhenkina,E (2258) Sitges 2018}) 5. cxd5 $146 (5. Qa4+ c6 6. Be2 Bd6 7. d3 O-O 8. e4 dxe4 9. dxe4 Qc7 10. c5 bxc5 11. O-O Nbd7 12. g3 Ne5 {0-1 (34) Firouzja,A (2702)-Ding,L (2811) Khanty-Mansiysk 2019}) 5... exd5 6. b3 {A17: English Opening: 1...Nf6 with ...Bb4} Bb7 7. Bb2 Nbd7 8. d4 {The position is equal.} Bd6 9. Rc1 a6 10. g3 O-O 11. Bg2 Qe7 12. O-O Ne4 13. Ne2 a5 14. Nf4 a4 15. bxa4 Ra5 16. Qc2 c6 (16... Rc8 {looks sharper.} 17. Rfd1 Rca8 18. Ne5 Ndf6 19. f3 Ng5) 17. Ne5 Nxe5 18. dxe5 Bxe5 19. Bxe4 dxe4 20. Qxe4 {Threatens to win with Bc3.} Re8 21. Rfd1 h6 22. Nd3 ({White should play} 22. Rd2 $14) 22... Bf6 $15 {[%mdl 1024] Black has compensation.} 23. Qg4 c5 24. Rd2 {[#]} (24. Qf5 $15) 24... h5 $1 {[%mdl 512]} 25. Qf4 (25. Qxh5 Qe4) 25... Bg5 {Accuracy: White = 57%, Black = 58%.} 1/2-1/2

[Event "elllobregat Open-A 2019"]
[Site "El Prat de Llobregat"]
[Date "2019.12.10"]
[Round "8.6"]
[White "Sosa, Tomas"]
[Black "Verstraeten, Rein"]
[Result "1/2-1/2"]
[WhiteElo "2481"]
[BlackElo "2365"]
[Annotator "ChessBase"]
[PlyCount "30"]
[EventDate "2019.12.03"]
[EventType "swiss"]
[EventCountry "ESP"]
[SourceTitle "playchess.com"]
[Source "ChessBase"]
[SourceQuality "1"]
[TimeControl "40/5400+30:1800+30"]

1. e4 {[%emt 0:07:39]} c5 2. Nc3 {[%emt 0:00:06]} a6 {[%emt 0:00:00]} 3. Nge2 {[%emt 0:00:06]} Nf6 {[%emt 0:00:12]} 4. g3 {[%emt 0:00:56]} d5 {[%emt 0:05:00]} 5. exd5 Nxd5 6. Bg2 {[%emt 0:03:06]} Nxc3 {[%emt 0:00:51]} 7. bxc3 {[%emt 0:00:43]} e6 8. O-O {[%emt 0:09:10]} Bd6 {[%emt 0:05:04]} 9. d4 {[%emt 0:06:56]} Nd7 {[%emt 0:06:29]} 10. Bf4 Bxf4 {[%emt 0:00:49]} 11. Nxf4 {[%emt 0:03:44]} O-O {[%emt 0:10:07]} 12. Re1 {[%emt 0:13:45]} Rb8 13. a4 b5 {[%emt 0:20:30]} 14. axb5 {[%emt 0:01:24]} axb5 {[%emt 0:00:44]} 15. dxc5 Nxc5 1/2-1/2

[Event "elllobregat Open-A 2019"]
[Site "El Prat de Llobregat"]
[Date "2019.12.10"]
[Round "8.7"]
[White "Zanan, Evgeny"]
[Black "Del Rio De Angelis, Salvador G."]
[Result "1/2-1/2"]
[WhiteElo "2498"]
[BlackElo "2491"]
[Annotator "TA"]
[PlyCount "94"]
[EventDate "2019.12.03"]
[EventType "swiss"]
[EventCountry "ESP"]
[SourceTitle "playchess.com"]
[Source "ChessBase"]
[SourceQuality "1"]

{[%evp 20,94,24,15,28,13,37,30,42,43,43,37,50,42,39,31,55,36,55,29,27,12,37,0,31,0,28,6,49,22,58,53,42,44,73,46,66,29,58,47,108,47,65,64,56,33,35,35,31,44,60,56,69,34,33,20,37,24,44,4,4,7,12,-17,-14,-30,-22,-49,-44,-56,-51,-57,-43,-37,-37,-50,0]} 1. e4 d6 2. d4 Nf6 3. Nc3 e5 4. Nf3 Nbd7 5. Bc4 Be7 6. O-O O-O 7. Re1 c6 8. a4 exd4 9. Nxd4 Ne5 10. Bf1 Re8 11. h3 Ng6 {C50: Hungarian Defence and Giuoco Pianissimo} 12. g3 Bf8 13. Bg2 Bd7 {White has an edge.} 14. Be3 h6 15. f4 Qc7 {[#]} 16. Bf2 $146 ({Predecessor:} 16. Qd2 Rad8 17. Qf2 c5 18. Nb3 Bc6 19. Nd5 Bxd5 20. exd5 {½-½ (51) Bacrot,E (2686)-Markus,R (2632) Reykjavik 2015}) 16... Rad8 17. Qd2 Bc8 18. Rad1 a6 19. Qd3 Bd7 20. Nf5 Bc8 21. Nd4 Bd7 22. Nf5 {[%cal Rf5d6]} Bc8 23. Ra1 Nd7 24. Qf3 b5 25. axb5 axb5 26. Ra7 Bb7 27. b4 Ra8 28. Rea1 Rxa7 29. Rxa7 Nb6 {[#]} (29... Qb8 $14) 30. Qd3 ({White should try} 30. e5 $1 $16 {[%cal Re5d6]} d5 31. Nd6 {[%mdl 64] Double Attack}) 30... Ra8 31. Rxa8 Bxa8 32. Ne3 Bb7 33. Ne2 {[%cal Bc3e2,Be2d4,Bd4f5][%mdl 32]} Bc8 34. Nd4 Bd7 35. Ndf5 Nc8 36. c4 bxc4 37. Qxc4 Qb7 38. Qc3 Na7 39. h4 Nb5 40. Qd3 Ne7 41. g4 Nxf5 42. gxf5 Qa7 43. Nc2 Qa2 {Black is slightly better.} 44. Bf3 Qb2 45. Kg2 Be7 46. h5 Be8 47. Kg3 Qf6 {Accuracy: White = 38%, Black = 47%.} 1/2-1/2

[Event "elllobregat Open-A 2019"]
[Site "El Prat de Llobregat"]
[Date "2019.12.10"]
[Round "8.8"]
[White "Alsina Leal, Daniel"]
[Black "Narciso Dublan, Marc"]
[Result "0-1"]
[WhiteElo "2387"]
[BlackElo "2581"]
[Annotator "RC"]
[PlyCount "117"]
[EventDate "2019.12.03"]
[EventType "swiss"]
[EventCountry "ESP"]
[SourceTitle "playchess.com"]
[Source "ChessBase"]
[SourceQuality "1"]
[TimeControl "40/5400+30:1800+30"]

1. Nf3 {[%emt 0:00:00]} d5 {[%emt 0:00:00]} 2. g3 {[%emt 0:00:00]} Bg4 {[%emt 0:00:24]} 3. Bg2 {[%emt 0:00:00]} Nd7 {[%emt 0:01:41]} 4. c4 {[%emt 0:00:08]} e6 {[%emt 0:00:43]} 5. cxd5 {[%emt 0:00:21]} exd5 {[%emt 0:00:12]} 6. O-O {[%emt 0:00:12]} Ngf6 {[%emt 0:00:57]} 7. h3 {[%emt 0:00:24]} Bxf3 {[%emt 0:01:09]} 8. Bxf3 {[%emt 0:00:06]} Be7 {[%emt 0:00:25]} 9. Bg2 {[%emt 0:02:01]} O-O {[%emt 0:00:22]} 10. d3 {[%emt 0:00:48]} Nc5 {[%emt 0:02:24]} 11. e3 {[%emt 0:03:40]} Qd7 {[%emt 0:09:07]} 12. Qc2 {[%emt 0:04:27]} a5 {[%emt 0:01:49]} 13. Rd1 {[%emt 0:03:57]} Rfd8 {[%emt 0:07:51]} 14. Nd2 {[%emt 0:01:49]} a4 {[%emt 0:00:53]} 15. Nf3 {[%emt 0:02:14]} Ne6 {[%emt 0:01:35]} 16. Bd2 {[%emt 0:02:42]} c5 {[%emt 0:00:45]} 17. Ne5 {[%emt 0:12:11]} Qd6 {[%emt 0:05:56]} 18. f4 {[%emt 0:01:23]} b5 {[%emt 0:18:25]} 19. Be1 {[%emt 0:02:22]} Rac8 {[%emt 0:01:47]} 20. b3 {[%emt 0:14:21]} Qa6 {[%emt 0:03:18]} 21. bxa4 {[%emt 0:04:38]} bxa4 {[%emt 0:00:17]} 22. Rab1 {[%emt 0:14:56]} Bd6 {[%emt 0:00:58]} 23. Nf3 {[%emt 0:01:43]} c4 {[%emt 0:01:02]} 24. dxc4 {[%emt 0:04:08]} Rxc4 {[%emt 0:00:52]} 25. Qe2 {[%emt 0:04:21]} Qc8 {[%emt 0:04:16]} 26. Rb5 {[%emt 0:12:49]} Nc7 {[%emt 0:10:44]} 27. Rb2 {[%emt 0:00:45]} Re8 {[%emt 0:00:11]} 28. Rd4 {[%emt 0:02:24]} Qa6 {[%emt 0:17:15]} 29. Rxc4 {[%emt 0:00:23]} dxc4 {[%emt 0:00:07]} 30. Rc2 {[%emt 0:01:30]} Ncd5 {[%emt 0:03:35]} 31. Qxc4 {[%emt 0:00:15]} Qxc4 {[%emt 0:00:23]} 32. Rxc4 {[%emt 0:00:06]} a3 {[%emt 0:00:03]} 33. Rc6 {[%emt 0:02:15]} Bf8 {[%emt 0:01:20]} 34. Ne5 {[%emt 0:01:33]} Nxe3 {[%emt 0:00:27]} 35. Bf3 {[%emt 0:00:35]} Rb8 {[%emt 0:01:09]} 36. Nd3 {[%emt 0:01:43]} Rd8 {[%emt 0:02:20]} 37. Rc3 {[%emt 0:00:41]} Nf5 {[%emt 0:02:27]} 38. Bf2 {[%emt 0:00:30]} Nd4 {[%emt 0:00:44]} 39. Kg2 {[%emt 0:00:23]} Nxf3 {[%emt 0:01:02]} 40. Kxf3 {[%emt 0:00:00]} g6 {[%emt 0:00:00]} 41. Ne1 {[%emt 0:13:46]} Rb8 {[%emt 0:05:10]} 42. Rb3 {[%emt 0:05:57]} Rxb3+ {[%emt 0:12:23]} 43. axb3 {[%emt 0:00:04]} a2 {[%emt 0:02:20]} 44. Bd4 {[%emt 0:00:59]} Nd7 {[%emt 0:01:06]} 45. Nc2 {[%emt 0:01:04]} Nc5 {[%emt 0:02:08]} 46. Na1 {[%emt 0:01:08]} f5 {[%emt 0:00:24]} 47. Ke3 {[%emt 0:04:56]} Kf7 {[%emt 0:00:41]} 48. g4 {[%emt 0:04:26]} Ke6 {[%emt 0:01:51]} 49. Kd2 {[%emt 0:02:47]} Kd5 {[%emt 0:00:24]} 50. Be5 {[%emt 0:00:37]} Ke4 {[%emt 0:02:01]} 51. gxf5 {[%emt 0:00:10]} gxf5 {[%emt 0:00:07]} 52. Kc3 {[%emt 0:00:35]} Nd3 {[%emt 0:00:33]} 53. Bh8 {[%emt 0:00:19]} Nxf4 {[%emt 0:02:58]} 54. Nc2 {[%emt 0:00:24]} Nxh3 {[%emt 0:01:19]} 55. b4 {[%emt 0:00:44]} f4 {[%emt 0:01:03]} 56. Kd2 {[%emt 0:00:27]} f3 {[%emt 0:00:50]} 57. b5 {[%emt 0:00:04]} Bc5 {[%emt 0:00:30]} 58. Ke1 {[%emt 0:00:59]} Kd3 {[%emt 0:00:58]} 59. Na1 {[%emt 0:00:16] Kd4} 0-1

[Event "elllobregat Open-A 2019"]
[Site "El Prat de Llobregat"]
[Date "2019.12.10"]
[Round "8.9"]
[White "Kulkarni Bhakti"]
[Black "Lagarde, Maxime"]
[Result "0-1"]
[WhiteElo "2224"]
[BlackElo "2630"]
[Annotator "ChessBase"]
[PlyCount "174"]
[EventDate "2019.12.03"]
[EventType "swiss"]
[EventCountry "ESP"]
[SourceTitle "playchess.com"]
[Source "ChessBase"]
[SourceQuality "1"]
[TimeControl "40/5400+30:1800+30"]

1. d4 {[%emt 0:00:00]} f5 {[%emt 0:00:00]} 2. Nf3 {[%emt 0:00:28]} Nf6 {[%emt 0:00:00]} 3. c4 {[%emt 0:01:33]} g6 {[%emt 0:00:03]} 4. g3 {[%emt 0:01:00]} Bg7 {[%emt 0:00:05]} 5. Bg2 {[%emt 0:00:07]} O-O {[%emt 0:00:04]} 6. O-O {[%emt 0:00:27]} d6 {[%emt 0:00:05]} 7. b3 {[%emt 0:01:26]} Nh5 {[%emt 0:21:14]} 8. Nc3 {[%emt 0:11:26]} Nc6 {[%emt 0:03:10]} 9. Ba3 {[%emt 0:06:50]} f4 10. Rc1 {[%emt 0:04:55]} Bg4 {[%emt 0:10:15]} 11. d5 {[%emt 0:01:17]} Bxf3 {[%emt 0:01:24]} 12. exf3 {[%emt 0:05:49]} Ne5 {[%emt 0:05:01]} 13. g4 {[%emt 0:07:35]} Nf6 {[%emt 0:00:40]} 14. g5 {[%emt 0:01:00]} Nfd7 {[%emt 0:02:15]} 15. Bh3 {[%emt 0:02:39]} Kh8 {[%emt 0:08:19]} 16. Be6 {[%emt 0:06:35]} c6 {[%emt 0:01:32]} 17. Ne4 {[%emt 0:06:54]} Rc8 {[%emt 0:06:39]} 18. Kg2 {[%emt 0:02:26]} Qa5 {[%emt 0:03:38]} 19. Bb2 {[%emt 0:02:03]} cxd5 {[%emt 0:02:51]} 20. cxd5 {[%emt 0:05:29]} Rxc1 {[%emt 0:06:08]} 21. Qxc1 {[%emt 0:00:43]} Nd3 {[%emt 0:03:27]} 22. Bxg7+ {[%emt 0:00:17]} Kxg7 {[%emt 0:00:03]} 23. Qa1+ {[%emt 0:02:48]} N7e5 {[%emt 0:00:04]} 24. Rd1 {[%emt 0:04:00]} Nc5 {[%emt 0:06:59]} 25. Nxc5 {[%emt 0:09:03]} Qxc5 {[%emt 0:00:05]} 26. Rc1 {[%emt 0:01:34]} Qb6 {[%emt 0:07:10]} 27. Qc3 {[%emt 0:01:17]} h6 {[%emt 0:00:05]} 28. gxh6+ {[%emt 0:04:13]} Kxh6 {[%emt 0:02:20]} 29. Qc7 {[%emt 0:01:50]} Nd3 {[%emt 0:00:38]} 30. Qxb6 {[%emt 0:00:15]} axb6 {[%emt 0:00:05]} 31. Rc7 {[%emt 0:01:54]} Ra8 {[%emt 0:01:43]} 32. a4 {[%emt 0:00:20]} b5 {[%emt 0:00:35]} 33. axb5 Ra2 {[%emt 0:02:04]} 34. Rxb7 {[%emt 0:05:38]} Rxf2+ {[%emt 0:00:16]} 35. Kg1 {[%emt 0:00:09]} Rb2 {[%emt 0:00:13]} 36. Rxe7 {[%emt 0:03:07]} Rxb3 {[%emt 0:00:44]} 37. h4 {[%emt 0:00:38]} Ne5 {[%emt 0:01:34]} 38. b6 {[%emt 0:00:33]} Rxb6 {[%emt 0:03:08]} 39. Bg4 {[%emt 0:00:07]} Rb5 {[%emt 0:00:58]} 40. Re6 {[%emt 0:00:00]} Rxd5 {[%emt 0:00:00]} 41. h5 {[%emt 0:02:24]} Kg5 {[%emt 0:04:32]} 42. hxg6 {[%emt 0:00:45]} Nxg6 {[%emt 0:00:17]} 43. Re8 {[%emt 0:02:41]} Rd4 {[%emt 0:04:46]} 44. Rg8 {[%emt 0:03:52]} Kf6 {[%emt 0:00:18]} 45. Kf2 {[%emt 0:01:33]} Ne5 {[%emt 0:00:19]} 46. Rf8+ {[%emt 0:01:17]} Ke7 {[%emt 0:02:47]} 47. Rf5 {[%emt 0:00:36]} Nc4 {[%emt 0:00:45]} 48. Ke2 {[%emt 0:00:56]} d5 {[%emt 0:00:58]} 49. Bh5 {[%emt 0:00:34]} Ke6 {[%emt 0:03:11]} 50. Bg4 {[%emt 0:01:01]} Kd6 {[%emt 0:00:21]} 51. Bh5 {[%emt 0:00:12]} Rd2+ {[%emt 0:01:46]} 52. Ke1 {[%emt 0:00:05]} Rh2 {[%emt 0:00:46]} 53. Bg6 {[%emt 0:02:51]} Ne3 {[%emt 0:01:05]} 54. Rf8 {[%emt 0:00:34]} Ke5 {[%emt 0:04:52]} 55. Bd3 {[%emt 0:01:13]} Ng2+ {[%emt 0:00:24]} 56. Kf1 {[%emt 0:03:58]} Nh4 {[%emt 0:00:05]} 57. Be2 {[%emt 0:00:30]} Nf5 {[%emt 0:00:43]} 58. Ke1 {[%emt 0:03:08]} Ng3 {[%emt 0:00:23]} 59. Re8+ {[%emt 0:00:34]} Kd4 {[%emt 0:00:07]} 60. Ba6 {[%emt 0:00:30]} Ra2 {[%emt 0:01:04]} 61. Re6 {[%emt 0:00:45]} Ra5 {[%emt 0:03:12]} 62. Kf2 {[%emt 0:00:42]} Ra3 {[%emt 0:00:10]} 63. Rb6 {[%emt 0:02:00]} Nf5 {[%emt 0:01:18]} 64. Bc8 {[%emt 0:01:32]} Ra2+ {[%emt 0:02:43]} 65. Ke1 {[%emt 0:00:24]} Ne3 {[%emt 0:01:50]} 66. Ba6 {[%emt 0:00:40]} Nc4 {[%emt 0:02:09]} 67. Re6 {[%emt 0:00:23]} Kc3 {[%emt 0:02:55]} 68. Rf6 {[%emt 0:01:24]} Ne3 {[%emt 0:02:00]} 69. Rc6+ {[%emt 0:00:54]} Kd4 {[%emt 0:00:13]} 70. Rb6 {[%emt 0:03:27]} Nc2+ {[%emt 0:01:22]} 71. Kf1 {[%emt 0:00:35]} Ke5 {[%emt 0:01:22]} 72. Bc8 {[%emt 0:01:13]} Ra8 {[%emt 0:01:01]} 73. Re6+ {[%emt 0:01:25]} Kd4 {[%emt 0:00:02]} 74. Ba6 {[%emt 0:00:12]} Kc3 {[%emt 0:01:03]} 75. Kf2 {[%emt 0:01:48]} Rh8 {[%emt 0:00:27]} 76. Rf6 {[%emt 0:00:46]} Rh2+ 77. Kg1 {[%emt 0:00:16]} Rh4 {[%emt 0:00:20]} 78. Kf2 {[%emt 0:00:45]} Kd2 {[%emt 0:00:49]} 79. Bb7 {[%emt 0:01:18]} d4 {[%emt 0:00:30]} 80. Be4 {[%emt 0:00:14]} d3 {[%emt 0:00:32]} 81. Rd6 {[%emt 0:00:45]} Ne1 {[%emt 0:00:04]} 82. Ra6 {[%emt 0:00:25]} Rh2+ {[%emt 0:00:35]} 83. Kg1 {[%emt 0:00:06]} Re2 {[%emt 0:00:30]} 84. Bb7 {[%emt 0:00:34]} Re7 {[%emt 0:00:33]} 85. Be4 {[%emt 0:00:40]} Ke2 {[%emt 0:01:06]} 86. Rd6 {[%emt 0:00:42]} Rxe4 {[%emt 0:00:21]} 87. fxe4 {[%emt 0:00:03]} f3 {[%emt 0:00:02]} 0-1